00535nam a2200169 i 450000100060000000300090000600700030001500800410001802000180005910000290007724501130010626000320021930000300025150400280028170000240030985200320033399717ES-MaACLt|050915s1985 sp ||||1| spa d a84-313-0893-11 aMartínez Caro, Carlos.10aArquitectura urbana b: elementos de teoría y diseño / cCarlos Martínez Caro, Juan Luis de las Rivas. aPamplona : bEUNSA, c1985. a245 p. : bil. ; c21 cm. aBibliografía. Indice.1 aRivas, Juan de las. aES-MaACLjL-9515 bR.111422